Loading...
| History - European | 0 | 5 | 0 | 0 | 50 | 45 | 65.20 | 2 | 4 | 20.10 | 36.67 |
| History - Other | 0 | 4 | 0 | 1 | 40 | 73 | 83.75 | 0 | 2 | 9.67 | 20.48 |
| Fine Arts - Other | 0 | 2 | 0 | 0 | 20 | 54 | 58.00 | 1 | 2 | 9.78 | 18.33 |
| Literature - British | 0 | 2 | 0 | 0 | 20 | 35 | 60.50 | 0 | 2 | 9.56 | 12.38 |
| Religion | 0 | 2 | 0 | 0 | 20 | 73 | 92.00 | 0 | 1 | 4.64 | 8.33 |
| Mythology | 0 | 2 | 1 | 1 | 15 | 58 | 75.00 | 0 | 1 | 5.47 | 9.52 |
| History - World | 0 | 2 | 1 | 1 | 15 | 97 | 99.50 | 0 | 0 | 1.26 | 5.36 |
| Social Science | 0 | 1 | 0 | 0 | 10 | 88 | 88.00 | 0 | 1 | 2.86 | 7.14 |
| History - American | 0 | 1 | 0 | 0 | 10 | 68 | 68.00 | 0 | 1 | 3.46 | 6.67 |
| Science - Physics | 0 | 1 | 0 | 1 | 10 | 105 | 105.00 | 0 | 0 | 0.00 | 1.43 |
| Current Events | 0 | 1 | 0 | 1 | 10 | 94 | 94.00 | 0 | 0 | 1.39 | 10.00 |
| Popular Culture | 0 | 1 | 1 | 0 | 5 | 41 | 41.00 | 0 | 1 | 10.45 | 11.90 |
| Fine Arts - Classical Music | 0 | 0 | 1 | 0 | -5 | 0.00 | 0 | 0 | 0.00 | 0.00 | |
| Science - Biology | 0 | 0 | 1 | 0 | -5 | 0.00 | 0 | 0 | 0.00 | 0.00 | |
| Geography | 0 | 0 | 1 | 0 | -5 | 0.00 | 0 | 0 | 0.00 | 0.00 |